Fade the heat / (Запис № 494937)

МАРК-запис
000 -LEADER
fixed length control field 01654cam a2200409 a 4500
001 - CONTROL NUMBER
control field fadeheat00bran
003 - CONTROL NUMBER IDENTIFIER
control field CaSfIA
005 - DATE AND TIME OF LATEST TRANSACTION
control field 20210118082356.0
007 - PHYSICAL DESCRIPTION FIXED FIELD--GENERAL INFORMATION
fixed length control field cr||||
008 - FIXED-LENGTH DATA ELEMENTS--GENERAL INFORMATION
fixed length control field 900125s1990 nyu 000 1 eng
010 ## - LIBRARY OF CONGRESS CONTROL NUMBER
LC control number 90006798
040 ## - CATALOGING SOURCE
Original cataloging agency DLC
Transcribing agency DLC
Modifying agency OCL
-- BTCTA
-- BAKER
-- YDXCP
-- CaSfIA
019 ## -
-- 22098277
020 ## - INTERNATIONAL STANDARD BOOK NUMBER
International Standard Book Number 0671702602 :
Terms of availability $18.95 ($24.95 Can.)
020 ## - INTERNATIONAL STANDARD BOOK NUMBER
International Standard Book Number 9780671702601
035 ## - SYSTEM CONTROL NUMBER
System control number (OCoLC)21037691
Canceled/invalid control number (OCoLC)22098277
043 ## - GEOGRAPHIC AREA CODE
Geographic area code n-us-tx
050 00 - LIBRARY OF CONGRESS CALL NUMBER
Classification number PS3552.R315
Item number F3 1990
082 00 - DEWEY DECIMAL CLASSIFICATION NUMBER
Classification number 823/.914
Edition number 20
029 1# - (OCLC)
OCLC library identifier NZ1
System control number 3963640
029 1# - (OCLC)
OCLC library identifier AU@
System control number 000007051281
100 1# - MAIN ENTRY--PERSONAL NAME
Personal name Brandon, Jay.
245 10 - TITLE STATEMENT
Title Fade the heat /
Medium [electronic resource]
Statement of responsibility, etc Jay Brandon.
260 ## - PUBLICATION, DISTRIBUTION, ETC. (IMPRINT)
Place of publication, distribution, etc New York :
Name of publisher, distributor, etc Pocket Books,
Date of publication, distribution, etc c1990.
300 ## - PHYSICAL DESCRIPTION
Extent 342 p. ;
Dimensions 25 cm.
530 ## - ADDITIONAL PHYSICAL FORM AVAILABLE NOTE
Additional physical form available note Also issued online.
506 ## - RESTRICTIONS ON ACCESS NOTE
Standardized terminology for access restriction Необхідна авторизація на https://archive.org/ (створення облікового запису безкоштовно)
506 ## - RESTRICTIONS ON ACCESS NOTE
Standardized terminology for access restriction Необхідна авторизація на https://openlibrary.org/ (створення облікового запису безкоштовно)
650 #0 - SUBJECT ADDED ENTRY--TOPICAL TERM
Topical term or geographic name as entry element Trials (Rape)
Form subdivision Fiction.
651 #0 - SUBJECT ADDED ENTRY--GEOGRAPHIC NAME
Geographic name San Antonio (Tex.)
Form subdivision Fiction.
655 #7 - INDEX TERM--GENRE/FORM
Genre/form data or focus term Legal stories.
Source of term gsafd
655 #7 - INDEX TERM--GENRE/FORM
Genre/form data or focus term Mystery fiction.
Source of term gsafd
776 08 - ADDITIONAL PHYSICAL FORM ENTRY
Display text Online version:
Main entry heading Brandon, Jay.
Title Fade the heat.
Place, publisher, and date of publication New York : Pocket Books, c1990
Record control number (OCoLC)644070380
856 41 - ELECTRONIC LOCATION AND ACCESS
Uniform Resource Identifier <a href="http://www.archive.org/details/fadeheat00bran">http://www.archive.org/details/fadeheat00bran</a>
Public note Free eBook from the Internet Archive
856 42 - ELECTRONIC LOCATION AND ACCESS
Uniform Resource Identifier <a href="http://www.openlibrary.org/books/OL1854993M">http://www.openlibrary.org/books/OL1854993M</a>
Public note Additional information and access via Open Library
942 ## - ADDED ENTRY ELEMENTS (KOHA)
Koha item type ЕКнига

Немає доступних примірників.